书目信息 |
| 题名: |
沥青混合料设计手册
|
|
| 作者: | 吕伟民 , 孙大权 编著 | |
| 分册: | ||
| 出版信息: | 北京 人民交通出版社 2007.05 |
|
| 页数: | 335页 | |
| 开本: | 26cm | |
| 丛书名: | ||
| 单 册: | ||
| 中图分类: | U414.7-62 | |
| 科图分类: | ||
| 主题词: | 沥青拌和料--li qing ban he liao--设计--手册 | |
| 电子资源: | ||
| ISBN: | 978-7-114-06449-4 | |
| 000 | 01091nam0 2200277 450 | |
| 001 | 012007647916 | |
| 005 | 20071109093819.84 | |
| 010 | @a978-7-114-06449-4@dCNY48.00 | |
| 100 | @a20071109d2007 km y0chiy0120 ea | |
| 101 | 0 | @achi |
| 102 | @aCN@b110000 | |
| 105 | @aa a 000yy | |
| 106 | @ar | |
| 200 | 1 | @a沥青混合料设计手册@Ali qing hun he liao she ji shou ce@f吕伟民, 孙大权编著@Flu wei min,sun da quan bian zhu |
| 210 | @a北京@c人民交通出版社@d2007.05 | |
| 215 | @a335页@c图@d26cm | |
| 312 | @a英文并列题名取自封面。 | |
| 320 | @a有书目 (第334-335页)。 | |
| 330 | @a本书为沥青混合料设计方面的实用工具书。全书共计十八章,内容依据现行规范并结合国内外研究与应用,详细介绍了沥青的材料特性及混合料设计;重点突出了各种新型沥青混合料的用途、性能特点、设计方法、技术指标,必要时还附以实例说明。 | |
| 510 | 1 | @aAsphalt mixtures design manual@zeng |
| 606 | 0 | @a沥青拌和料@Ali qing ban he liao@x设计@j手册 |
| 690 | @aU414.7-62@v4 | |
| 701 | 0 | @a吕伟民@Alu wei min@4编著 |
| 701 | 0 | @a孙大权@Asun da quan@4编著 |
| 801 | 0 | @aCN@b@c20071109 |
| 905 | @b267573-74@dU414.7-62@eL900@f2 | |
| 沥青混合料设计手册/吕伟民, 孙大权编著.-北京:人民交通出版社,2007.05 |
| 335页:图;26cm |
| ISBN 978-7-114-06449-4:CNY48.00 |
| 本书为沥青混合料设计方面的实用工具书。全书共计十八章,内容依据现行规范并结合国内外研究与应用,详细介绍了沥青的材料特性及混合料设计;重点突出了各种新型沥青混合料的用途、性能特点、设计方法、技术指标,必要时还附以实例说明。 |
| ● |
| 相关链接 |
|
|
|
正题名:沥青混合料设计手册
索取号:U414.7-62/L900
 
预约/预借
| 序号 | 登录号 | 条形码 | 馆藏地/架位号 | 状态 | 备注 |
| 1 | 267573 | 202675738 | 期刊室512/501自科库 51排7列3层/ [索取号:U414.7-62/L900] | 在馆 | |
| 2 | 267574 | 202675747 | 自科库501/501自科库 51排7列3层/ [索取号:U414.7-62/L900] | 在馆 |